| 000 | 00852aam a2200325 4500 | ||
|---|---|---|---|
| 005 | 20240311144501.0 | ||
| 008 | 150821b xxu||||| |||| 00| 0 spa d | ||
| 020 | _a9789682602788 | ||
| 041 | _aESP | ||
| 082 | _a658.81 H332a | ||
| 100 | _aF. Hartley, Robert | ||
| 245 | _aAdministración de ventas | ||
| 260 | _aMéxico | ||
| 260 | _bGrupo Editorial Patria | ||
| 260 | _c2010 | ||
| 300 | _a520 páginas | ||
| 650 | _aVENTAS | ||
| 650 | _aGERENCIA DE VENTAS | ||
| 650 | _aPLANEACIÓN DE LAS VENTAS | ||
| 650 | _aANÁLISIS DE MERCADO | ||
| 650 | _aPRONÓSTICO DE LAS VENTAS | ||
| 650 | _aADMINISTRACIÓN DE VENTAS | ||
| 650 | _aMOTIVACIÓN | ||
| 650 | _aSUPERVISIÓN DE VENTAS | ||
| 650 | _aCONTROL DE VENTAS | ||
| 650 | _aEVALUACIÓN DEL DESEMPEÑO | ||
| 650 | _aSERVICIO AL CLIENTE | ||
| 942 |
_cBK _2ddc |
||
| 999 |
_c615 _d615 |
||